| 000 | 00510nam a2200193Ia 4500 | ||
|---|---|---|---|
| 005 | 20260429112113.0 | ||
| 008 | 260429s9999||||xx |||||||||||||| ||und|| | ||
| 020 | _a9781032292564 | ||
| 041 | _aEnglish | ||
| 082 |
_a153 _bBLA |
||
| 100 | _aBlackmore, Susan | ||
| 245 | 0 |
_aConsciousness : _ban introduction / _cSusan Blackmore |
|
| 250 | _a4th ed. | ||
| 260 |
_aLondon : _bRoutledge, _c2024. |
||
| 300 | _axxiii, 766 p.; pbk | ||
| 650 | _aConsciousness | ||
| 700 | _a Troscianko, Emily T. | ||
| 942 | _cTB | ||
| 999 |
_c52369 _d52369 |
||